| 000 | 00746nam a22002417a 4500 | ||
|---|---|---|---|
| 003 | DO-SdBNP | ||
| 005 | 20220418093110.0 | ||
| 007 | ta | ||
| 008 | 220125b2021 ||||| |||| 00| 0 spa d | ||
| 020 | _a9789945615678 | ||
| 040 |
_aDO-SdBNP _bspa _cBNPHU |
||
| 082 |
_a372.241 _bC691 |
||
| 245 |
_aColección primer grado : _blibro de las maestras y maestros / _cWilliam Estany Vázquez, ilus. |
||
| 260 |
_aSanto Domingo : _bFe y Alegria, _c2021 |
||
| 300 |
_a311 p. : _bil. ; _c29 cm |
||
| 490 | _aColección Fe y Alegria | ||
| 590 | _aInventariado, 2022 / DG | ||
| 650 |
_aEducación primaria _zRepública Dominicana _9740 |
||
| 700 |
_aVázquez, William Estany _eIlus. |
||
| 830 |
_nFe y Alegria _981461 |
||
| 910 | _aDG | ||
| 942 |
_2ddc _cLBS1 |
||
| 999 |
_c51538 _d51538 |
||